Pengalaman yang berharga

Bibliographic Details
Main Author: Hazizan Haress
Format: Book
Published: Kuala Lumpur : Penerbitan Gema Insan , 2006
Subjects:

MARC

LEADER 00000cam a2200000 7i4500
001 0000000009
005 20151222.0
008 070628
020 |a 9835701326 
090 0 0 |a JF   |b MAL (712) 
100 0 |a Hazizan Haress 
245 0 0 |a Pengalaman yang berharga   |c Hazizan Haress 
260 |a Kuala Lumpur :   |b Penerbitan Gema Insan ,   |c 2006 
500 |a Children ages 7-9 years old (orange) 
650 0 |a Malay fiction 
999 |a 0000953409   |b Book   |c Children Collection   |e Perbadanan Perpustakaan Awam Johor 
999 |a 0000953412   |b Book   |c Children Collection   |e Perbadanan Perpustakaan Awam Johor 
999 |a 0000953413   |b Book   |c Children Collection   |e Perbadanan Perpustakaan Awam Johor 
999 |a 0000958312   |b Book   |c Children Collection   |e Cawangan Pontian 
999 |a 0000958314   |b Book   |c Children Collection   |e Cawangan Mersing 
999 |a 0001134202   |b Book   |c Children Collection   |e Cawangan Segamat 
999 |a 0001134209   |b Book   |c Children Collection   |e Cawangan Taman Universiti 
999 |a 0001164562   |b Book   |c Children Collection   |e Cawangan Taman Universiti 
999 |a 0001164563   |b Book   |c Children Collection   |e Cawangan Mersing 
999 |a 0001164564   |b Book   |c Children Collection   |e Cawangan Kota Tinggi 
999 |a 0001164567   |b Book   |c Children Collection   |e Cawangan Bukit Gambir 
999 |a 0001164568   |b Book   |c Children Collection   |e Cawangan Bandar Penawar 
999 |a 0001164569   |b Book   |c Children Collection   |e Cawangan Tangkak 
999 |a 0001164570   |b Book   |c Children Collection   |e Cawangan Segamat 
999 |a 0001164573   |b Book   |c Children Collection   |e Cawangan Pontian 
999 |a 0001164575   |b Book   |c Children Collection   |e Cawangan Tmn. Ungku Tun Aminah